000 004690000a22001810004500
003 MACL
005 20150702173435.0
008 150702b xxu||||| |||| 00| 0 eng d
040 _aMACL
_cmacl
041 _aenglish
082 _a020
100 _aMalviya,Rama Nand
_9404
245 _aDigital Library & Academic Society in India
260 _aNew Delhi
_bAsian Book Private Limited
_c2008
350 _a125
650 _aLibrary Science
_957
942 _cBK
_k020
_2ddc
999 _c46829
_d46829